01553 a2200229 45000010006000000050017000060080041000230030015000640400040000790800035001192450065001540200022002192500012002412640043002533000019002965050818003150410008011331000027011417000034011687000026012028560095012285711320260407155833.0260407a2019 arg spa dAR-UNSa-BCEJYS aAR-UNSa-BCEJYSbspacAR-UNSa-BCEJYS a657.47xContabilidad de Costos10aEl comportamiento de los costos y la gestión de la empresa a978-987-716-118-2 a2a. ed. 1aBuenos Aires :bOsmar D. Buyattic2019 a611 p.c23 cm. a1. El comportamiento de los costos - 2. Introducción al concepto de punto de equilibrio - 3. El análisis costo-volumen-utilidad con datos expresados en bases diferentes - 4. El análisis costo-volumen-utilidad para empresas multiproductoras - 5. El análisis costo-volumen-utilidad en terminos monetarios para empresas de margen uniforme - 6. El análisis costo-volumen-utilidad en términos monetarios para empresas de margenes múltiples - 7. El planeamiento de los resultados y su tablero de control - 8. El uso de técnicas costo-volumen-utilidad para análisis sectoriales - 9. Elección de medios alternativos para fabricar productos o prestar servicios - 10. Decisiones ante alternativas excluyentes - 11. El análisis costo-volumen-utilidad ante comportamientos no constantes de las variables aspa1 aBottaro, Oscar Eduardo1 aRodríguez Jauregui, Hugo A.1 aYardin, Amaro Ramón41uhttps://biblioeco.unsa.edu.ar/pmb/images/libros/L128679.jpgyImagen de portadaqimage/jpeg